00690nam a2200229 a 4500001001300000003000900013005001700022008004100039020002500080082001300105100001900118245004300137260003200180300000900212500003500221505002400256700001900280902000800299942000700307952012900314999001700443nice12345678IN_TiNIC20260116014051.0050524s1992 newa grp 000 0 eng  a0862328853 c273.700a956bMAN aMansour, Fawzy aArab World, Nation State and Democracy aNew JerseybZed Booksc1992 a135p aincludes index and biblioraphy2 aBibliography, Index1 aMansour, Fawzy bSRS cBK 001040708StackRoom-aHMIbHMId2005-05-24g273.70l1m1o956 MANp021003r2019-02-25s2019-02-15v273.70w2005-05-24yBK c13727d13727